|
|
|
|
| LEADER |
00000nam a2200000 a 4500 |
| 001 |
vtls001310874 |
| 003 |
SK-MaSNL |
| 005 |
20260301113921.0 |
| 008 |
160415sm y0 xo ap r yy 0 slo |
| 015 |
|
|
|a SNBA1998/03-01059
|
| 020 |
|
|
|a 8022806536
|
| 035 |
|
|
|a SNK000263233
|
| 040 |
|
|
|a SNK
|b slo
|c SNK
|e AACR2
|
| 041 |
0 |
|
|a slo
|
| 044 |
|
|
|a xo
|c SK
|
| 080 |
|
|
|a 674.048(082)
|2 1981
|
| 245 |
1 |
|
|a Drevené stĺpy - súčasnosť a budúcnosť
|b zborník prednášok
|
| 260 |
|
|
|a Zvolen
|b Technická univerzita
|c 1997
|
| 300 |
|
|
|a 20 s.
|b tab.
|c 21 cm
|
| 500 |
|
|
|a Aut.: kol.
|
| 504 |
|
|
|a Bibliogr. s. 18
|
| 650 |
0 |
7 |
|a stĺpy drevené
|x impregnovanie
|x zborníky
|2 SNK
|9 456693
|
| 655 |
|
7 |
|a zbierky
|2 SNK
|9 70533
|
| 919 |
|
|
|a 80-228-0653-6
|
| 958 |
|
|
|a TL
|
| 958 |
|
|
|a NB
|
| 958 |
|
|
|a BQ
|
| 999 |
|
|
|c 716321
|d 718251
|
| 952 |
|
|
|t P60, <09>, [BOOK], {629}
|a SNK
|b SNK
|y NEVYP
|7 0
|o snkC 2350
|i snk4685/971120
|0 0
|1 0
|4 0
|d 1997-11-19
|l 0
|r 2005-01-02 00:00:00
|w 2026-02-23
|
| 952 |
|
|
|t P60, <03>, [BOOK], {603}
|a SNK
|b SNK
|y PREZ
|7 0
|p 17A0108835
|o snkOSC 19390
|i snkKSP 11541/97
|0 0
|1 0
|4 0
|d 1997-11-19
|l 0
|r 2005-01-02 00:00:00
|w 2026-02-23
|
| 952 |
|
|
|t P60, <04>, [BOOK], {604}
|a SNK
|b SNK
|y VYP
|7 0
|p 17A0108834
|o snkOSC 19390 D1
|i snkKSP 11542/97
|0 0
|1 0
|4 0
|d 1997-11-19
|l 0
|r 2005-01-02 00:00:00
|w 2026-02-23
|